MARC details
| 000 -LEADER |
| campo de control de longitud fija |
01480nam a2200301 i 4500 |
| 001 - NÚMERO DE CONTROL |
| campo de control |
164360 |
| 003 - IDENTIFICADOR DE NÚMERO DE CONTROL |
| campo de control |
ES-MaACL |
| 005 - FECHA Y HORA DE LA ÚLTIMA TRANSACCIÓN |
| campo de control |
20231030171130.0 |
| 008 - DATOS DE LONGITUD FIJA--INFORMACIÓN GENERAL |
| campo de control de longitud fija |
140320s2010 sp |||| | spa d |
| 020 ## - NÚMERO INTERNACIONAL ESTÁNDAR DEL LIBRO |
| Número Internacional Estándar del Libro |
978-84-92456-64-2 |
| 080 ## - NÚMERO DE LA CLASIFICACIÓN DECIMAL UNIVERSAL |
| Número de la Clasificación Decimal Universal |
267 Asociación Católica de Propagandistas (091) |
| 080 ## - NÚMERO DE LA CLASIFICACIÓN DECIMAL UNIVERSAL |
| Número de la Clasificación Decimal Universal |
282(460)"19":32 |
| 100 1# - ENTRADA PRINCIPAL--NOMBRE DE PERSONA |
| Nombre de persona |
Gutiérrez García, José Luis. |
| 9 (RLIN) |
61152 |
| 245 10 - MENCIÓN DEL TÍTULO |
| Título |
Historia de la Asociación Católica de Propagandistas. |
| Número de parte o sección de la obra |
[I], |
| Nombre de parte o sección de la obra |
Ángel Herrera Oria, primer período (1908-1923) / |
| Mención de responsabilidad, etc. |
José Luis Gutiérrez García ; presentación, Alfredo Dagnino Guerra. |
| 260 ## - PUBLICACIÓN, DISTRIBUCIÓN, ETC. |
| Lugar de publicación, distribución, etc. |
Madrid : |
| Nombre del editor, distribuidor, etc. |
CEU Ediciones, |
| Fecha de publicación, distribución, etc. |
[2010] |
| 300 ## - DESCRIPCIÓN FÍSICA |
| Extensión |
499 p. ; |
| Dimensiones |
24 cm. |
| 504 ## - NOTA DE BIBLIOGRAFÍA, ETC. |
| Nota de bibliografía, etc. |
Bibliografía: p. [475]-478. Índice. |
| 610 24 - PUNTO DE ACCESO ADICIONAL DE MATERIA--NOMBRE DE ENTIDAD CORPORATIVA |
| Nombre de entidad corporativa o nombre de jurisdicción como elemento de entrada |
Asociación Católica de Propagandistas- |
| Subdivisión de forma |
Historia. |
| 9 (RLIN) |
170892 |
| 650 #4 - PUNTO DE ACCESO ADICIONAL DE MATERIA--TÉRMINO DE MATERIA |
| Término de materia o nombre geográfico como elemento de entrada |
Católicos- |
| Subdivisión general |
Actividad política- |
| Subdivisión geográfica |
España- |
| Subdivisión cronológica |
S.XX. |
| 9 (RLIN) |
154594 |
| 700 1# - ENTRADA AGREGADA--NOMBRE PERSONAL |
| Nombre de persona |
Dagnino Guerra, Alfredo. |
| 9 (RLIN) |
154596 |
| 852 ## - LOCALIZACIÓN |
| Ubicación |
ES-MaACL |
| Número de control de estantería |
A-13057 |
| Designación de la unidad física |
v.1 |
| itemnumber |
170604 |
| Sublocalización o colección |
R.149760 |
| Ubicación en estantería |
Depósito 1 |
| Signatura antigua |
Olim: N-6057 |
| Donativo/Legado |
Donación: Real Academia Española |
| 852 ## - LOCALIZACIÓN |
| Ubicación |
ES-MaACL |
| Número de control de estantería |
A-13058 |
| Designación de la unidad física |
v.2 |
| itemnumber |
200723 |
| Sublocalización o colección |
R.149760 |
| Ubicación en estantería |
Depósito 1 |
| Signatura antigua |
Olim: N-6058 |
| Donativo/Legado |
Donación: Real Academia Española |
| 852 ## - LOCALIZACIÓN |
| Ubicación |
ES-MaACL |
| Número de control de estantería |
A-13059 |
| Designación de la unidad física |
v.3 |
| itemnumber |
200724 |
| Sublocalización o colección |
R.149760 |
| Ubicación en estantería |
Depósito 1 |
| Signatura antigua |
Olim: N-6059 |
| Donativo/Legado |
Donación: Real Academia Española |
| 852 ## - LOCALIZACIÓN |
| Ubicación |
ES-MaACL |
| Número de control de estantería |
A-13060 |
| Designación de la unidad física |
v.4 |
| itemnumber |
200725 |
| Sublocalización o colección |
R.149760 |
| Ubicación en estantería |
Depósito 1 |
| Signatura antigua |
Olim: N-6060 |
| Donativo/Legado |
Donación: Real Academia Española |
| 914 ## - NOMBRE ENTIDAD DE DONANTE |
| RLIN |
6336 |
| Nombre de congreso/reunión o jurisdicción como elemento de entrada |
Real Academia Española |
| Unidad subordinada |
Donante |
| 942 ## - ELEMENTOS DE ENTRADA SECUNDARIOS (KOHA) |
| Fuente del sistema de clasificación o colocación |
Clasificación decimal universal |
| Tipo de ítem Koha |
Libro impreso |